书目信息 |
| 题名: |
中医辨治经验集卒
|
|
| 作者: | 林聚英 | |
| 分册: | ||
| 出版信息: | 北京 人民卫生出版社 1996.02 |
|
| 页数: | 812页 | |
| 开本: | 16开 | |
| 丛书名: | ||
| 单 册: | ||
| 中图分类: | R249.1 | |
| 科图分类: | ||
| 主题词: | 中医学:临床医学 | |
| 电子资源: | ||
| ISBN: | 7-117-02292-2 | |
| 000 | 00535nam0 2200181 45 | |
| 001 | 9911301546 | |
| 005 | 19991130153840.8 | |
| 010 | @a7-117-02292-2@d88.50 | |
| 100 | @a19991130d1996 km y0chiy0120 ea | |
| 101 | @achi | |
| 105 | @a z 000yy | |
| 200 | 1 | @a中医辨治经验集卒@AZhong Yi Bian Zhi Jing Yan Ji Zu@f林聚英@FLin Ju Ying |
| 210 | @a北京@c人民卫生出版社@d1996.02 | |
| 215 | @a812页@c无图表@d16开 | |
| 606 | 0 | @a中医学:临床医学 |
| 690 | @aR249.1@v3 | |
| 801 | @aCN@bPerfectUser@c19991130 | |
| 905 | @aBZT@b50122-123@f2@dR249.1@e17 | |
| 中医辨治经验集卒/林聚英.-北京:人民卫生出版社,1996.02 |
| 812页:无图表;16开 |
| ISBN 7-117-02292-2:88.50 |
| ● |
| 相关链接 |
|
|
|
正题名:中医辨治经验集卒
索取号:R249.1/17
 
预约/预借
| 序号 | 登录号 | 条形码 | 馆藏地/架位号 | 状态 | 备注 |
| 1 | 50122 | 200377261 | 中心书库中库/ 中库004架A面5列2层2/ [索取号:R249.1/17] | 在馆 | |
| 2 | 50123 | 200377289 | 中心书库中库/ 中库004架A面5列2层1/ [索取号:R249.1/17] | 在馆 |